Introduction to Abstract Algebra. (Record no. 5211)

MARC details
000 -LEADER
fixed length control field 00546nam a22002057a 4500
003 - CONTROL NUMBER IDENTIFIER
control field OSt
005 - DATE AND TIME OF LATEST TRANSACTION
control field 20160919182925.0
008 - FIXED-LENGTH DATA ELEMENTS--GENERAL INFORMATION
fixed length control field 160915b xxu||||| |||| 00| 0 eng d
020 ## - INTERNATIONAL STANDARD BOOK NUMBER
International Standard Book Number 9781118288153
040 ## - CATALOGING SOURCE
Transcribing agency DDC
082 ## - DEWEY DECIMAL CLASSIFICATION NUMBER
Classification number 512NIC 2012
100 ## - MAIN ENTRY--PERSONAL NAME
Personal name Nicholson, W.Keith ;
9 (RLIN) 8591
245 ## - TITLE STATEMENT
Title Introduction to Abstract Algebra.
250 ## - EDITION STATEMENT
Edition statement 4th ed.
260 ## - PUBLICATION, DISTRIBUTION, ETC. (IMPRINT)
Place of publication, distribution, etc. New Jersey;
Name of publisher, distributor, etc. John Wiley and Sons,
Date of publication, distribution, etc. 2012.
300 ## - PHYSICAL DESCRIPTION
Extent vii,150p;
Other physical details ill:
Dimensions 25cm.
504 ## - BIBLIOGRAPHY, ETC. NOTE
Bibliography, etc appendices are included.
650 ## - SUBJECT ADDED ENTRY--TOPICAL TERM
Topical term or geographic name as entry element mathematics.
9 (RLIN) 810
942 ## - ADDED ENTRY ELEMENTS (KOHA)
Source of classification or shelving scheme Dewey Decimal Classification
Koha item type Open Shelf
Holdings
Withdrawn status Lost status Source of classification or shelving scheme Damaged status Not for loan Home library Current library Date acquired Source of acquisition Inventory number Total Checkouts Full call number Barcode Date last seen Koha item type Date last checked out
    Dewey Decimal Classification     MUST Main Library MUST Main Library 15/09/2016   16/39925   512NIC 2012 2016-4230 15/09/2016 Book Bank  
    Dewey Decimal Classification     MUST Main Library MUST Main Library 15/09/2016   16/39923   512NIC 2012 2016-4231 15/09/2016 Book Bank  
    Dewey Decimal Classification     Main Kihumuro Campus MUST Main Library 15/09/2016 Purchase 16/39922 1 512NIC 2012 2016-4234 24/01/2020 Book Bank 12/09/2019
    Dewey Decimal Classification     MUST Main Library MUST Main Library 28/01/2020 Purchase 16/39927   512NIC 2012 2020-0145 28/01/2020 Open Shelf  
    Dewey Decimal Classification     Main Kihumuro Campus Main Kihumuro Campus 15/09/2016 Purchase 16/39924   512NIC 2012 2016-4232 15/09/2016 Book Bank  
    Dewey Decimal Classification     Main Kihumuro Campus Main Kihumuro Campus 15/09/2016 Purchase 16/39926   512NIC 2012 2016-4233 15/09/2016 Book Bank